| 000 | 00451nam a2200181Ia 4500 | ||
|---|---|---|---|
| 008 | 230524s9999 xx 000 0 und d | ||
| 020 | _a8177588834 | ||
| 082 |
_a612 _bCAR |
||
| 100 | _aJoseph J.Carr | ||
| 245 | 0 | _aIntroduction to Biomedical Equipment Technology | |
| 250 | _a4TH | ||
| 260 |
_aNEW DELHI _bPearson _c2005 |
||
| 300 | _aXV;749 | ||
| 500 | _aQuantity Number: 24 | ||
| 650 | _aBiomedical | ||
| 700 | _a John M.Brown | ||
| 942 | _cBK | ||
| 999 |
_c31920 _d31920 |
||